[Event "43. Olimpiada Batumi 2018 Femenina"]
[Site "Batumi GEO"]
[Date "2018.09.27"]
[Round "4.1"]
[White "Gray, Krishna"]
[Black "Agbazue, Precious"]
[Result "1-0"]
[WhiteElo "1693"]
[BlackElo "1902"]
[PlyCount "63"]
[EventDate "2018.09.24"]
[EventType "team-swiss"]
[EventRounds "11"]
[EventCountry "GEO"]
[SourceTitle "Ajedrez en Madrid"]
[Source "lmi"]
[SourceDate "2018.09.24"]
[WhiteTeam "Jamaica"]
[BlackTeam "Nigeria"]
[WhiteTeamCountry "JAM"]
[BlackTeamCountry "NGR"]

1. d4 Nf6 2. Bf4 d5 3. Nf3 Bf5 4. e3 g6 5. Be2 Bg7 6. Nbd2 Nbd7 7. h3 O-O 8.
O-O c5 9. c3 c4 10. g4 Be6 11. Ng5 b5 12. e4 dxe4 13. Nxe6 fxe6 14. Qc2 Qb6 15.
Bg3 Qc6 16. Rfe1 Rad8 17. Bf1 Nb6 18. Nxe4 Nxe4 19. Rxe4 Nd5 20. Rae1 Nc7 21.
Bxc7 Qxc7 22. Rxe6 Rde8 23. Bg2 Bf6 24. Qd2 Kg7 25. g5 Bxg5 26. Qxg5 Rf7 27.
Qe5+ Qxe5 28. R6xe5 a6 29. Bd5 Rf4 30. Rxe7+ Rxe7 31. Rxe7+ Kf6 32. Rf7+ 1-0

[Event "43. Olimpiada Batumi 2018 Femenina"]
[Site "Batumi GEO"]
[Date "2018.09.27"]
[Round "4.2"]
[White "Assa, Oluwaseun"]
[Black "Barrett, Ariel"]
[Result "0-1"]
[WhiteElo "1881"]
[BlackElo "1701"]
[PlyCount "110"]
[EventDate "2018.09.24"]
[EventType "team-swiss"]
[EventRounds "11"]
[EventCountry "GEO"]
[SourceTitle "Ajedrez en Madrid"]
[Source "lmi"]
[SourceDate "2018.09.24"]
[WhiteTeam "Nigeria"]
[BlackTeam "Jamaica"]
[WhiteTeamCountry "NGR"]
[BlackTeamCountry "JAM"]

1. e4 e5 2. Nf3 Nc6 3. Bb5 a6 4. Ba4 Nf6 5. d3 b5 6. Bb3 Bb7 7. c3 Bc5 8. O-O
d6 9. Be3 Bb6 10. Bxb6 cxb6 11. Nbd2 O-O 12. Re1 Re8 13. Nf1 d5 14. exd5 Nxd5
15. Ne3 Nf4 16. Bc2 Qd7 17. d4 exd4 18. Nxd4 Nxd4 19. Qxd4 Qxd4 20. cxd4 g6 21.
Rad1 Rad8 22. Rd2 Re7 23. Red1 Red7 24. f3 Rxd4 25. Rxd4 Rxd4 26. Kf2 Rxd1 27.
Nxd1 Kg7 28. Ne3 h5 29. g3 Ne6 30. Be4 Bxe4 31. fxe4 Kf6 32. Nd5+ Ke5 33. Ke3
Nc5 34. Nxb6 f6 35. Na8 a5 36. Nc7 b4 37. Nd5 Nxe4 38. Nf4 g5 39. Nxh5 Nc5 40.
b3 Ne4 41. Kd3 Kd5 42. Kc2 Kd4 43. h4 g4 44. Kb2 Ke5 45. a3 Kd4 46. axb4 axb4
47. Kc2 Ke3 48. Kc1 Kd3 49. Kb2 Kd2 50. Kb1 Kc3 51. Ka2 Kc2 52. Ka1 Kxb3 53.
Kb1 Kc3 54. Kc1 b3 55. Nf4 b2+ 0-1

[Event "43. Olimpiada Batumi 2018 Femenina"]
[Site "Batumi GEO"]
[Date "2018.09.27"]
[Round "4.3"]
[White "Clarke, Adani"]
[Black "Chukwuemeka-Ehirim, Chinyere"]
[Result "1-0"]
[WhiteElo "1643"]
[BlackElo "1871"]
[PlyCount "99"]
[EventDate "2018.09.24"]
[EventType "team-swiss"]
[EventRounds "11"]
[EventCountry "GEO"]
[SourceTitle "Ajedrez en Madrid"]
[Source "lmi"]
[SourceDate "2018.09.24"]
[WhiteTeam "Jamaica"]
[BlackTeam "Nigeria"]
[WhiteTeamCountry "JAM"]
[BlackTeamCountry "NGR"]

1. d4 d5 2. c4 e6 3. cxd5 exd5 4. Nc3 Nf6 5. Bg5 Be7 6. e3 a6 7. Nf3 Bf5 8.
Bxf6 Bxf6 9. Qb3 b6 10. Qxd5 Qxd5 11. Nxd5 Bd8 12. Rc1 c6 13. Nb4 Bd7 14. Ne5
b5 15. Nbxc6 Nxc6 16. Nxc6 Bxc6 17. Rxc6 Ba5+ 18. Ke2 O-O 19. g3 Rfc8 20. Bg2
Rxc6 21. Bxc6 Rc8 22. d5 Kf8 23. Kd3 Ke7 24. e4 f6 25. Bb7 Rc7 26. Bxa6 b4 27.
f4 Kd6 28. Bc4 Re7 29. Rc1 Rc7 30. Rc2 h6 31. Re2 Re7 32. Bb3 Bb6 33. Kc4 g5
34. Kxb4 gxf4 35. gxf4 Bd4 36. Kc4 Ba7 37. Kd3 Bb8 38. Rg2 Kc5 39. Ke3 f5 40.
e5 Ba7 41. d6 Kb4+ 42. Kf3 Re8 43. e6 Bc5 44. d7 Rd8 45. Rg7 Bd4 46. Rf7 Bxb2
47. e7 Rxd7 48. e8=Q Rd3+ 49. Ke2 Rh3 50. Qa4+ 1-0

[Event "43. Olimpiada Batumi 2018 Femenina"]
[Site "Batumi GEO"]
[Date "2018.09.27"]
[Round "4.4"]
[White "Ogbiyoyo, Perpetual Eloho"]
[Black "Williams, Margoe"]
[Result "0-1"]
[WhiteElo "1830"]
[BlackElo "1617"]
[PlyCount "114"]
[EventDate "2018.09.24"]
[EventType "team-swiss"]
[EventRounds "11"]
[EventCountry "GEO"]
[SourceTitle "Ajedrez en Madrid"]
[Source "lmi"]
[SourceDate "2018.09.24"]
[WhiteTeam "Nigeria"]
[BlackTeam "Jamaica"]
[WhiteTeamCountry "NGR"]
[BlackTeamCountry "JAM"]

1. e4 c5 2. Nc3 e6 3. f4 Nc6 4. Nf3 Qc7 5. d3 a6 6. g3 d6 7. Bg2 Be7 8. a4 Nf6
9. O-O Bd7 10. Ne2 O-O 11. Kh1 b5 12. axb5 axb5 13. Rxa8 Rxa8 14. c3 Ra2 15.
Qb3 Qa5 16. Qd1 Qa7 17. Neg1 Ra1 18. Ng5 h6 19. N5h3 b4 20. Qf3 bxc3 21. bxc3
Qa2 22. Ne2 Qc2 23. g4 Ra2 24. Nhg1 e5 25. f5 Nh7 26. Qg3 Bg5 27. h4 Bxc1 28.
Rxc1 Qd2 29. Rb1 Rb2 30. Rxb2 Qxb2 31. g5 hxg5 32. hxg5 Qd2 33. g6 fxg6 34.
Qxg6 Qxd3 35. Ng3 Nf6 36. Nh5 Nxh5 37. Qxh5 Qxc3 38. Nf3 Qc1+ 39. Kh2 Qh6 40.
Qxh6 gxh6 41. Nd2 Na5 42. Bf1 Kg7 43. Kg3 Kf6 44. Kh4 Be8 45. Bd3 Bf7 46. Nf3
Nb3 47. Ng1 Nd4 48. Ne2 Nxe2 49. Bxe2 c4 50. Kg3 Kg5 51. Kf3 Bh5+ 52. Ke3 Bxe2
53. Kxe2 h5 54. Kd2 h4 55. Kc3 h3 56. Kxc4 h2 57. Kd5 h1=Q 0-1

[Event "43. Olimpiada Batumi 2018 Femenina"]
[Site "Batumi GEO"]
[Date "2018.09.27"]
[Round "4.1"]
[White "Ayiku, Angela Naa Amerley"]
[Black "Barria Baker, Raisa Melissa"]
[Result "0-1"]
[WhiteElo "1439"]
[BlackElo "1962"]
[PlyCount "76"]
[EventDate "2018.09.24"]
[EventType "team-swiss"]
[EventRounds "11"]
[EventCountry "GEO"]
[SourceTitle "Ajedrez en Madrid"]
[Source "lmi"]
[SourceDate "2018.09.24"]
[WhiteTeam "Ghana"]
[BlackTeam "Panama"]
[WhiteTeamCountry "GHA"]
[BlackTeamCountry "PAN"]

1. e4 e6 2. d4 d5 3. e5 c5 4. c3 Nc6 5. Nf3 Nge7 6. Bg5 Qb6 7. b3 cxd4 8. cxd4
Nf5 9. Nc3 Bb4 10. Rc1 Bd7 11. Be3 Rc8 12. Be2 Qa5 13. Qd2 Nce7 14. O-O Rxc3
15. Rxc3 Bxc3 16. Qc2 Nxe3 17. fxe3 Nf5 18. Kf2 h5 19. Bd3 Bb4 20. a4 Ke7 21.
Bxf5 Rc8 22. Qb1 exf5 23. Nh4 Qc7 24. Kg1 Qc2 25. Nxf5+ Bxf5 26. Qxc2 Bxc2 27.
Rf4 Bd3 28. Kf2 Rc2+ 29. Kg3 Be1+ 30. Kh3 g5 31. g3 gxf4 32. exf4 Bf5+ 33. Kh4
Rxh2+ 34. Kg5 Ke6 35. b4 h4 36. g4 Rg2 37. b5 Rxg4+ 38. Kh5 h3 0-1

[Event "43. Olimpiada Batumi 2018 Femenina"]
[Site "Batumi GEO"]
[Date "2018.09.27"]
[Round "4.2"]
[White "Chung, Yaleika"]
[Black "Benson, Maud"]
[Result "1-0"]
[WhiteElo "1736"]
[BlackElo "1334"]
[PlyCount "119"]
[EventDate "2018.09.24"]
[EventType "team-swiss"]
[EventRounds "11"]
[EventCountry "GEO"]
[SourceTitle "Ajedrez en Madrid"]
[Source "lmi"]
[SourceDate "2018.09.24"]
[WhiteTeam "Panama"]
[BlackTeam "Ghana"]
[WhiteTeamCountry "PAN"]
[BlackTeamCountry "GHA"]

1. d4 Nf6 2. c4 e6 3. Nf3 c5 4. g3 d5 5. cxd5 exd5 6. Bg2 Nc6 7. O-O Bf5 8. Nc3
Be7 9. Bg5 b6 10. dxc5 bxc5 11. Bxf6 Bxf6 12. Qxd5 Qxd5 13. Nxd5 Rc8 14. Nxf6+
gxf6 15. a3 Na5 16. Rac1 O-O 17. Rfd1 Nb3 18. Rc3 c4 19. Nh4 Be6 20. f4 Rfd8
21. Rxd8+ Rxd8 22. f5 Nd4 23. Kf2 Bc8 24. Rxc4 Nxe2 25. Rg4+ Kf8 26. Kxe2 Ba6+
27. Ke1 Re8+ 28. Re4 Rb8 29. b4 Rc8 30. Kd2 Rd8+ 31. Kc1 Rc8+ 32. Kb2 Bd3 33.
Rd4 Bb5 34. Be4 Kg7 35. Nf3 Kh6 36. Kb3 Kg7 37. a4 Be8 38. b5 Rb8 39. Rd6 h6
40. Nd4 h5 41. Nc6 Bxc6 42. Bxc6 a6 43. Kc4 axb5+ 44. axb5 Kf8 45. Kc5 Ke7 46.
Rd7+ Kf8 47. b6 Kg7 48. b7 Kh6 49. Kd6 Kg5 50. Kc7 Rxb7+ 51. Bxb7 Kxf5 52. Rxf7
Kg6 53. Re7 Kg5 54. Kd6 Kg4 55. Bg2 Kg5 56. Ke6 h4 57. Rg7+ Kh5 58. Kxf6 hxg3
59. Rxg3 Kh4 60. Kf5 1-0

[Event "43. Olimpiada Batumi 2018 Femenina"]
[Site "Batumi GEO"]
[Date "2018.09.27"]
[Round "4.3"]
[White "Ashley, Christiana Naa Merl"]
[Black "Gonzalez, Yaribeth"]
[Result "0-1"]
[WhiteElo "1246"]
[BlackElo "1727"]
[PlyCount "58"]
[EventDate "2018.09.24"]
[EventType "team-swiss"]
[EventRounds "11"]
[EventCountry "GEO"]
[SourceTitle "Ajedrez en Madrid"]
[Source "lmi"]
[SourceDate "2018.09.24"]
[WhiteTeam "Ghana"]
[BlackTeam "Panama"]
[WhiteTeamCountry "GHA"]
[BlackTeamCountry "PAN"]

1. d4 d5 2. Nf3 Nf6 3. Bf4 e6 4. e3 c5 5. c4 Be7 6. Bd3 Qa5+ 7. Nbd2 dxc4 8.
Bxc4 b5 9. Be2 O-O 10. O-O Nbd7 11. Nb3 Qb6 12. Nbd2 Bb7 13. Rc1 Rac8 14. Ne5
cxd4 15. Rxc8 Rxc8 16. Nxd7 Nxd7 17. Qb3 e5 18. Qxb5 Qxb5 19. Bxb5 exf4 20.
Bxd7 Rd8 21. exf4 Rxd7 22. Re1 Kf8 23. Rc1 Bd6 24. g3 Rc7 25. Rd1 Rc2 26. h3 d3
27. f3 Rxb2 28. Nc4 Bc5+ 29. Kh1 Bxf3# 0-1

[Event "43. Olimpiada Batumi 2018 Femenina"]
[Site "Batumi GEO"]
[Date "2018.09.27"]
[Round "4.4"]
[White "Arosemena, Betty"]
[Black "Allotey, Dorcas"]
[Result "1-0"]
[WhiteElo "1598"]
[BlackElo "1241"]
[PlyCount "57"]
[EventDate "2018.09.24"]
[EventType "team-swiss"]
[EventRounds "11"]
[EventCountry "GEO"]
[SourceTitle "Ajedrez en Madrid"]
[Source "lmi"]
[SourceDate "2018.09.24"]
[WhiteTeam "Panama"]
[BlackTeam "Ghana"]
[WhiteTeamCountry "PAN"]
[BlackTeamCountry "GHA"]

1. e4 e5 2. Nf3 Nc6 3. Bc4 Nf6 4. Nc3 h6 5. d3 Bc5 6. Be3 d6 7. Bxc5 dxc5 8.
Bb5 O-O 9. Bxc6 bxc6 10. Nxe5 Qd6 11. Nf3 Bg4 12. O-O Qf4 13. Qd2 Qd6 14. e5
Qe6 15. exf6 Qxf6 16. Qd1 Rfe8 17. h3 Bxh3 18. gxh3 Qg6+ 19. Kh1 Qh5 20. Ng1
Qg5 21. f4 Qf5 22. Qg4 Qf6 23. Rae1 Reb8 24. Rb1 Qd4 25. Nf3 Qd6 26. Nh4 c4 27.
Nf5 Qf6 28. Ne4 Qe6 29. Qxg7# 1-0

[Event "43. Olimpiada Batumi 2018 Femenina"]
[Site "Batumi GEO"]
[Date "2018.09.27"]
[Round "4.1"]
[White "Ravelomanana, Sabine"]
[Black "Hamoonga, Linda Banti"]
[Result "1-0"]
[WhiteElo "1821"]
[BlackElo "1767"]
[PlyCount "103"]
[EventDate "2018.09.24"]
[EventType "team-swiss"]
[EventRounds "11"]
[EventCountry "GEO"]
[SourceTitle "Ajedrez en Madrid"]
[Source "lmi"]
[SourceDate "2018.09.24"]
[WhiteTeam "Madagascar"]
[BlackTeam "Zambia"]
[WhiteTeamCountry "MAD"]
[BlackTeamCountry "ZAM"]

1. d4 Nf6 2. Nf3 d5 3. Bf4 e6 4. e3 Bd6 5. Bg5 Nbd7 6. Bd3 c5 7. c3 Qc7 8. Nbd2
a6 9. Rc1 b5 10. O-O Bb7 11. Re1 O-O 12. Qe2 h6 13. Bh4 Ne4 14. Nf1 Ndf6 15.
dxc5 Bxc5 16. Nd4 Be7 17. f3 Nd6 18. Bf2 Rfc8 19. Ng3 Nc4 20. Bb1 Nd7 21. Qc2
Nf8 22. e4 Bg5 23. Rcd1 Bf4 24. exd5 Bxd5 25. Qe2 Rd8 26. a3 Rac8 27. Nf1 Qb8
28. Bg3 Bxg3 29. Nxg3 a5 30. Qf2 b4 31. cxb4 axb4 32. a4 b3 33. Nb5 Qa8 34. Nc3
Bc6 35. Be4 Bxe4 36. Ngxe4 Qa5 37. Qe2 Nd7 38. Kh1 Ndb6 39. Rxd8+ Rxd8 40. g4
Qb4 41. Ra1 Ra8 42. Rd1 Rc8 43. g5 hxg5 44. Nxg5 Qc5 45. Nge4 Qa5 46. Rg1 g6
47. Nf6+ Kf8 48. Nh7+ Kg7 49. Ng5 Nxb2 50. Nb5 N2c4 51. Nxe6+ Kg8 52. Qe4 1-0

[Event "43. Olimpiada Batumi 2018 Femenina"]
[Site "Batumi GEO"]
[Date "2018.09.27"]
[Round "4.2"]
[White "Mututubanya, Portiah"]
[Black "Razafindrabiaza, Christine"]
[Result "0-1"]
[WhiteElo "1505"]
[BlackElo "1668"]
[PlyCount "86"]
[EventDate "2018.09.24"]
[EventType "team-swiss"]
[EventRounds "11"]
[EventCountry "GEO"]
[SourceTitle "Ajedrez en Madrid"]
[Source "lmi"]
[SourceDate "2018.09.24"]
[WhiteTeam "Zambia"]
[BlackTeam "Madagascar"]
[WhiteTeamCountry "ZAM"]
[BlackTeamCountry "MAD"]

1. e4 d6 2. Bc4 e6 3. Nc3 Nf6 4. d3 Be7 5. Nge2 Nc6 6. Bd2 Na5 7. Bb5+ c6 8.
Ba4 b5 9. Bb3 Nxb3 10. axb3 e5 11. Be3 a6 12. O-O O-O 13. h3 Bb7 14. Ng3 d5 15.
exd5 cxd5 16. Bg5 h6 17. Bxf6 Bxf6 18. Qg4 Bc8 19. Qf3 Be6 20. Nh5 Be7 21. Qg3
Bf6 22. Rfe1 Kh7 23. Nxf6+ gxf6 24. Qf3 Rg8 25. Kh2 Rg6 26. g3 Qd7 27. h4 Qd8
28. Na2 Bg4 29. Qg2 Be6 30. b4 d4 31. Qf1 Qd6 32. c3 dxc3 33. bxc3 f5 34. c4 f4
35. c5 Qc7 36. Nc3 fxg3+ 37. fxg3 f5 38. Nxb5 Qg7 39. Qf2 Rg8 40. Rxa6 f4 41.
Rg1 fxg3+ 42. Rxg3 Rxg3 43. Rxe6 Rg2+ 0-1

[Event "43. Olimpiada Batumi 2018 Femenina"]
[Site "Batumi GEO"]
[Date "2018.09.27"]
[Round "4.3"]
[White "Raharimanana, Faratiana"]
[Black "Simenda, Daisy"]
[Result "0-1"]
[WhiteElo "1660"]
[BlackElo "1509"]
[PlyCount "116"]
[EventDate "2018.09.24"]
[EventType "team-swiss"]
[EventRounds "11"]
[EventCountry "GEO"]
[SourceTitle "Ajedrez en Madrid"]
[Source "lmi"]
[SourceDate "2018.09.24"]
[WhiteTeam "Madagascar"]
[BlackTeam "Zambia"]
[WhiteTeamCountry "MAD"]
[BlackTeamCountry "ZAM"]

1. d4 Nf6 2. c4 e6 3. Nf3 d5 4. g3 b6 5. Bg2 c6 6. O-O dxc4 7. Ne5 Bb7 8. Nxc4
Be7 9. Nc3 O-O 10. Bg5 h6 11. Bxf6 Bxf6 12. e3 Nd7 13. Nd6 Qc7 14. Nxb7 Qxb7
15. Nb5 a6 16. Rc1 axb5 17. Bxc6 Qa7 18. Bxa8 Rxa8 19. a3 Nf8 20. Qd3 Qd7 21.
Rc2 Ng6 22. f4 Rd8 23. Rd1 e5 24. d5 exf4 25. exf4 Qg4 26. Kh1 h5 27. Qe2 Qf5
28. Rcd2 h4 29. Qd3 Qd7 30. Qf3 Qd6 31. Rc1 Re8 32. Qf2 hxg3 33. hxg3 Ne7 34.
Re1 Rc8 35. Qf3 g6 36. Red1 Kg7 37. Rh2 Rh8 38. Rdd2 Rxh2+ 39. Kxh2 Nc8 40. Qd3
Na7 41. Kg2 Be7 42. Qd4+ Kg8 43. Qe5 Qd8 44. Re2 Bf8 45. Kf3 Nc8 46. b3 Nd6 47.
Rh2 Bg7 48. Qe3 Nf5 49. Qd3 Nd4+ 50. Kf2 Qxd5 51. b4 Qa2+ 52. Kg1 Qd5 53. Kf2
Qc6 54. Ke3 Qc1+ 55. Kf2 Qc6 56. Ke3 Nf5+ 57. Ke2 Qe6+ 58. Kf3 Bd4 0-1

[Event "43. Olimpiada Batumi 2018 Femenina"]
[Site "Batumi GEO"]
[Date "2018.09.27"]
[Round "4.4"]
[White "Mbatha, Constance"]
[Black "Razafimahefa, Lalaina Vololona"]
[Result "1-0"]
[WhiteElo "1734"]
[BlackElo "1442"]
[PlyCount "91"]
[EventDate "2018.09.24"]
[EventType "team-swiss"]
[EventRounds "11"]
[EventCountry "GEO"]
[SourceTitle "Ajedrez en Madrid"]
[Source "lmi"]
[SourceDate "2018.09.24"]
[WhiteTeam "Zambia"]
[BlackTeam "Madagascar"]
[WhiteTeamCountry "ZAM"]
[BlackTeamCountry "MAD"]

1. d4 Nf6 2. c4 g6 3. Nc3 Bg7 4. e4 d6 5. Nf3 O-O 6. Be3 Nbd7 7. Qd2 e5 8. d5
a5 9. Bd3 Ng4 10. O-O Nxe3 11. fxe3 Nc5 12. Bc2 c6 13. b3 Qe7 14. Rae1 Nd7 15.
dxc6 bxc6 16. Rd1 Bh6 17. Rfe1 Nf6 18. Qxd6 Qxd6 19. Rxd6 Ng4 20. Nd1 Bg7 21.
h3 Nf6 22. Nc3 Bb7 23. Red1 Rfc8 24. Na4 Rab8 25. Nb6 Re8 26. Nd7 Nxd7 27. Rxd7
h6 28. Kf2 Bf8 29. Rc7 Re7 30. Rxe7 Bxe7 31. Nxe5 Re8 32. Kf3 Bg5 33. Ng4 h5
34. Nf2 f5 35. Rd7 Ba8 36. g3 c5 37. h4 Bh6 38. Rd6 Kf7 39. Ra6 Kg7 40. Rxa5
Rf8 41. Ke2 Re8 42. a3 fxe4 43. Ra7+ Kf6 44. Ra6+ Kf5 45. Rxa8 Rxa8 46. Bxe4+
1-0

[Event "43. Olimpiada Batumi 2018 Femenina"]
[Site "Batumi GEO"]
[Date "2018.09.27"]
[Round "4.1"]
[White "Sanchez Castillo, Sarai Carolina"]
[Black "Shabanaj, Eglantina"]
[Result "0-1"]
[WhiteElo "2137"]
[BlackElo "1953"]
[PlyCount "72"]
[EventDate "2018.09.24"]
[EventType "team-swiss"]
[EventRounds "11"]
[EventCountry "GEO"]
[SourceTitle "Ajedrez en Madrid"]
[Source "lmi"]
[SourceDate "2018.09.24"]
[WhiteTeam "Venezuela"]
[BlackTeam "Albania"]
[WhiteTeamCountry "VEN"]
[BlackTeamCountry "ALB"]

1. e4 e5 2. Nf3 Nc6 3. Bb5 a6 4. Ba4 b5 5. Bb3 d6 6. c3 Be7 7. d4 Nf6 8. h3 O-O
9. O-O Bb7 10. Re1 Qd7 11. Nbd2 Rae8 12. d5 Nd8 13. a4 c6 14. axb5 axb5 15. Nf1
Bc8 16. Be3 Nxe4 17. Ra7 Bb7 18. Bb6 Nf6 19. Ne3 Qc8 20. g4 g6 21. g5 Nh5 22.
Ng4 Nf4 23. Kh2 cxd5 24. Be3 Nde6 25. h4 Qc6 26. Nfxe5 dxe5 27. Nxe5 Qc8 28.
Ng4 Qb8 29. Rxb7 Qxb7 30. Bxf4 Nxf4 31. Qd4 h5 32. Nh6+ Kh7 33. Qxf4 Bxg5 34.
hxg5 Rxe1 35. Qf3 Qc7+ 36. Kg2 Re5 0-1

[Event "43. Olimpiada Batumi 2018 Femenina"]
[Site "Batumi GEO"]
[Date "2018.09.27"]
[Round "4.2"]
[White "Shabanaj, Alda"]
[Black "Hernandez Bonilla, Amelia"]
[Result "1/2-1/2"]
[WhiteElo "1853"]
[BlackElo "2044"]
[PlyCount "92"]
[EventDate "2018.09.24"]
[EventType "team-swiss"]
[EventRounds "11"]
[EventCountry "GEO"]
[SourceTitle "Ajedrez en Madrid"]
[Source "lmi"]
[SourceDate "2018.09.24"]
[WhiteTeam "Albania"]
[BlackTeam "Venezuela"]
[WhiteTeamCountry "ALB"]
[BlackTeamCountry "VEN"]

1. d4 Nf6 2. c4 e6 3. Nf3 Bb4+ 4. Bd2 Bxd2+ 5. Nbxd2 d6 6. e3 Nbd7 7. Bd3 b6 8.
O-O Bb7 9. Rc1 O-O 10. e4 e5 11. d5 Nc5 12. Bb1 a5 13. Re1 Re8 14. Nb3 Nh5 15.
Nxc5 bxc5 16. Rc3 Bc8 17. Bd3 Bg4 18. h3 Bd7 19. Bf1 Nf4 20. Kh2 a4 21. g3 Ng6
22. h4 Bg4 23. Bh3 Bxh3 24. Kxh3 Qd7+ 25. Kg2 h6 26. Nh2 Reb8 27. b3 Rb4 28.
Qg4 Qxg4 29. Nxg4 Ne7 30. Ne3 axb3 31. axb3 c6 32. Rd1 cxd5 33. Nxd5 Nxd5 34.
Rxd5 Ra6 35. f4 f6 36. Kf3 Kf7 37. Kg4 Ke6 38. f5+ Ke7 39. Kh5 Kf7 40. g4 Rb8
41. g5 hxg5 42. hxg5 Rh8+ 43. Kg4 fxg5 44. Kxg5 Ra1 45. Rg3 Rh6 46. Rdd3 Rah1
1/2-1/2

[Event "43. Olimpiada Batumi 2018 Femenina"]
[Site "Batumi GEO"]
[Date "2018.09.27"]
[Round "4.3"]
[White "Rovira Contreras, Tairu Manuela"]
[Black "Gjergji, Rozana"]
[Result "1-0"]
[WhiteElo "2033"]
[BlackElo "1924"]
[PlyCount "68"]
[EventDate "2018.09.24"]
[EventType "team-swiss"]
[EventRounds "11"]
[EventCountry "GEO"]
[SourceTitle "Ajedrez en Madrid"]
[Source "lmi"]
[SourceDate "2018.09.24"]
[WhiteTeam "Venezuela"]
[BlackTeam "Albania"]
[WhiteTeamCountry "VEN"]
[BlackTeamCountry "ALB"]

1. d4 Nf6 2. Nf3 d5 3. e3 e6 4. Bd3 Bd6 5. c4 dxc4 6. Bxc4 b6 7. Nc3 Bb7 8. O-O
O-O 9. Bd3 Nbd7 10. e4 e5 11. d5 h6 12. a3 a5 13. Bb5 Rc8 14. Re1 Qe7 15. Nh4
Rfd8 16. Nf5 Qf8 17. Qf3 c6 18. dxc6 Bxc6 19. Qh3 Kh7 20. Bg5 Be7 21. Ba6 Ra8
22. Bc4 Ng8 23. Be3 g6 24. Nxe7 Nxe7 25. f4 Qg7 26. Rad1 Rab8 27. a4 Nc5 28.
Rxd8 Rxd8 29. fxe5 Nxa4 30. Rf1 Rf8 31. Nd5 Ng8 32. Nf6+ Kh8 33. Nxg8 Rxg8 34.
Rxf7 Rf8 1-0

[Event "43. Olimpiada Batumi 2018 Femenina"]
[Site "Batumi GEO"]
[Date "2018.09.27"]
[Round "4.4"]
[White "Tuzi, Bruna"]
[Black "Alvarado Arcila, Marvia Josefina"]
[Result "1-0"]
[WhiteElo "1813"]
[BlackElo "1956"]
[PlyCount "81"]
[EventDate "2018.09.24"]
[EventType "team-swiss"]
[EventRounds "11"]
[EventCountry "GEO"]
[SourceTitle "Ajedrez en Madrid"]
[Source "lmi"]
[SourceDate "2018.09.24"]
[WhiteTeam "Albania"]
[BlackTeam "Venezuela"]
[WhiteTeamCountry "ALB"]
[BlackTeamCountry "VEN"]

1. e4 Nf6 2. e5 Nd5 3. d4 d6 4. c4 Nb6 5. exd6 exd6 6. Nc3 Nc6 7. Nf3 Bg4 8.
Be3 Be7 9. h3 Bh5 10. Be2 O-O 11. O-O Re8 12. Re1 Bf6 13. b3 Qd7 14. Qd2 Rad8
15. Rad1 h6 16. d5 Bxf3 17. dxc6 Bxc6 18. Bg4 Bxc3 19. Qxc3 f5 20. Bh5 Rf8 21.
Bd4 Kh7 22. Qg3 g5 23. Qc3 Nc8 24. Bf6 Rg8 25. Bxd8 Qxd8 26. Bf3 Bd7 27. Bxb7
g4 28. Bd5 Rg6 29. hxg4 Qg5 30. gxf5 Bxf5 31. Qe3 Qf6 32. Be4 Ne7 33. Bb1 Qg7
34. Qxe7 Rxg2+ 35. Kh1 Rg1+ 36. Rxg1 Qxe7 37. Bxf5+ Kh8 38. Rd3 Qh4+ 39. Rh3
Qf4 40. Rg6 Qc1+ 41. Kg2 1-0

[Event "43. Olimpiada Batumi 2018 Femenina"]
[Site "Batumi GEO"]
[Date "2018.09.27"]
[Round "4.1"]
[White "Johnson, Gabriella"]
[Black "Tjong Tjin Joe, Kaithlyn"]
[Result "1-0"]
[WhiteElo "1840"]
[BlackElo "1683"]
[PlyCount "101"]
[EventDate "2018.09.24"]
[EventType "team-swiss"]
[EventRounds "11"]
[EventCountry "GEO"]
[SourceTitle "Ajedrez en Madrid"]
[Source "lmi"]
[SourceDate "2018.09.24"]
[WhiteTeam "Trinidad & Tobago"]
[BlackTeam "Surinam"]
[BlackTeamCountry "SUR"]

1. e4 e5 2. Nf3 Nc6 3. Bc4 Bc5 4. O-O Nf6 5. d3 h6 6. c3 d6 7. a4 a5 8. Re1 O-O
9. Nbd2 Ng4 10. Re2 Be6 11. Bxe6 fxe6 12. h3 Nf6 13. Nf1 Bb6 14. Be3 Bxe3 15.
Rxe3 b6 16. Qc2 Nh5 17. g3 Rf6 18. Rc1 Qf8 19. Qd1 Qf7 20. Rc2 Rf8 21. N1h2 Rg6
22. Nh4 Rf6 23. Ng4 g5 24. Nxf6+ Nxf6 25. Ng2 Ne7 26. Re1 Ng6 27. Ne3 Kg7 28.
Ng4 Rh8 29. Qf3 h5 30. Qxf6+ Qxf6 31. Nxf6 Kxf6 32. d4 h4 33. Kg2 Rg8 34. Rb1
d5 35. exd5 exd5 36. dxe5+ Nxe5 37. Rd1 c6 38. Re2 hxg3 39. fxg3 g4 40. Rf1+
Ke6 41. Rfe1 gxh3+ 42. Kxh3 Rh8+ 43. Kg2 Rh5 44. g4 Rg5 45. Kh3 Kf6 46. Rxe5
Rxe5 47. Rxe5 Kxe5 48. Kh4 Kf6 49. Kh5 Kg7 50. Kg5 c5 51. Kf5 1-0

[Event "43. Olimpiada Batumi 2018 Femenina"]
[Site "Batumi GEO"]
[Date "2018.09.27"]
[Round "4.2"]
[White "Kaslan, Catherine"]
[Black "Soondarsingh, Aditi"]
[Result "1/2-1/2"]
[WhiteElo "1735"]
[BlackElo "1719"]
[PlyCount "145"]
[EventDate "2018.09.24"]
[EventType "team-swiss"]
[EventRounds "11"]
[EventCountry "GEO"]
[SourceTitle "Ajedrez en Madrid"]
[Source "lmi"]
[SourceDate "2018.09.24"]
[WhiteTeam "Surinam"]
[BlackTeam "Trinidad & Tobago"]
[WhiteTeamCountry "SUR"]

1. e4 c5 2. Nf3 g6 3. d4 cxd4 4. Nxd4 Nc6 5. c4 Bg7 6. Be3 Nf6 7. Nc3 O-O 8.
Be2 Nxd4 9. Bxd4 d6 10. Qd2 Bd7 11. f3 Bc6 12. O-O Nd7 13. Be3 a5 14. b3 Ne5
15. Rac1 Nd7 16. Rfd1 Nc5 17. Kh1 Be5 18. Qe1 Qb8 19. Nd5 Bxd5 20. exd5 Qc8 21.
Qh4 Bf6 22. Bg5 Bxg5 23. Qxg5 Re8 24. Rd4 e5 25. Rh4 f5 26. g4 f4 27. Rh6 Qd7
28. h4 Qe7 29. Qxe7 Rxe7 30. Rg1 Rd8 31. h5 g5 32. Rf6 Kg7 33. Rf5 h6 34. Rb1
Ra8 35. a3 a4 36. b4 Nb3 37. c5 Rd8 38. c6 bxc6 39. dxc6 Nd4 40. Bd1 Nxc6 41.
Bxa4 Nd4 42. Bb3 Nxf5 43. gxf5 Kf6 44. Bd5 Ra7 45. Rb3 Kxf5 46. b5 Ra5 47. Bc6
d5 48. b6 d4 49. b7 Rb8 50. a4 Ke6 51. Be4 Ra6 52. Rb5 Rd6 53. Bd3 Kf6 54. a5
Re6 55. Rb3 g4 56. a6 Rxa6 57. Bxa6 gxf3 58. Bd3 Kg5 59. Be4 Kxh5 60. Bxf3+ Kg5
61. Be4 h5 62. Rb6 f3 63. Bxf3 h4 64. Ra6 e4 65. Bxe4 d3 66. Rd6 Kf4 67. Bc6
Ke3 68. Kg1 d2 69. Re6+ Kd3 70. Be4+ Kd4 71. Rd6+ Kxe4 72. Rxd2 Rxb7 73. Kh2
1/2-1/2

[Event "43. Olimpiada Batumi 2018 Femenina"]
[Site "Batumi GEO"]
[Date "2018.09.27"]
[Round "4.3"]
[White "Yearwood, Shannon"]
[Black "Frijde, Reyna"]
[Result "1-0"]
[WhiteElo "1608"]
[BlackElo "1559"]
[PlyCount "73"]
[EventDate "2018.09.24"]
[EventType "team-swiss"]
[EventRounds "11"]
[EventCountry "GEO"]
[SourceTitle "Ajedrez en Madrid"]
[Source "lmi"]
[SourceDate "2018.09.24"]
[WhiteTeam "Trinidad & Tobago"]
[BlackTeam "Surinam"]
[BlackTeamCountry "SUR"]

1. e4 c5 2. c3 d5 3. exd5 Qxd5 4. d4 cxd4 5. cxd4 Nc6 6. Be3 e6 7. Nf3 Nf6 8.
Nc3 Qd8 9. Bb5 Bd7 10. O-O Be7 11. Rc1 O-O 12. Re1 a6 13. Bf1 Qa5 14. a3 b5 15.
d5 exd5 16. Nxd5 Nxd5 17. Qxd5 Qc7 18. Bf4 Qxf4 19. Qxd7 Bf6 20. Rxc6 Bxb2 21.
Qd3 Rfd8 22. Qb3 Bf6 23. Rec1 Qb8 24. Rc7 Rf8 25. Qe3 Re8 26. Qc5 Qd8 27. Qc6
Bb2 28. Rc2 Bxa3 29. Rd7 Qb8 30. Qd5 Rf8 31. Rcc7 Qe8 32. Ng5 Rd8 33. Qf5 g6
34. Qh3 h5 35. Rxf7 Rxf7 36. Rxf7 Bc1 37. Qc3 1-0